Δημογραφικές διαστάσεις της διανομής του εισοδήματος

Saved in:
Bibliographic Details
Main Author: Μπαλούρδος, Διονύσης
Format: Book
Language:Greek
Published: Αθήνα : Εθνικό Κέντρο Κοινωνικών Ερευνών, 1997
Subjects:
Tags: Add Tag
No Tags, Be the first to tag this record!

MARC

LEADER 00000nam a2200000 i 4500
001 1/13966
008 980406s1997 gre d
020 |a 960-7093-47-X 
035 |1 ΠΑΡ  |a 1997  |l 10019240 
040 |a GR-MY-UA  |b gre  |e aacr 
041 0 |a gre 
082 0 |a 339.209495 
100 1 |a Μπαλούρδος, Διονύσης. 
245 1 0 |a Δημογραφικές διαστάσεις της διανομής του εισοδήματος /  |c Δ. Μπαλούρδος 
260 |a Αθήνα :   |b Εθνικό Κέντρο Κοινωνικών Ερευνών,   |c 1997 
300 |a 418 σ. 
504 |a Περιέχει βιβλιογραφία 
650 0 0 |a Income  |z Greece. 
650 0 0 |a Income distribution  |z Greece. 
852 |a INST  |b LESVOS  |e 19980604  |h 339.209495 ΜΠΑ  |p 005100013862  |q 005100013862  |t BK  |y 0 
852 |a INST  |b LESVOS  |e 19980406  |h 339.209495 ΜΠΑ  |p 005100014952  |q 005100014952  |t BK  |y 0 
901 |a BIBL-1998-2 
909 |a Λ  |b 051606 
909 |a Λ  |b 057090 
922 |a 1ΕΛΗ  |b 1998  |c ΚΠΣ/ΤΚ  |d EMVASIS 
950 |a 103-1998-02-03